| 000 | 00540nam a2200169Ia 4500 | ||
|---|---|---|---|
| 003 | IN-BaIIA | ||
| 008 | 211028s9999 xx 000 0 eng d | ||
| 020 | _a0-19-562580-3 | ||
| 040 | _cIIA Library | ||
| 080 |
_a5:401 _bNAN |
||
| 245 | 0 |
_aScience,hegemony and violence _ba requiem for modernity _cedited by A. Nandy |
|
| 260 |
_aDelhi _bOxford University Press _c1988 |
||
| 300 | _aviii, 301p. | ||
| 650 | _aAstronomy and Astrophysics Thesaurus | ||
| 700 |
_aNandy, A., ed. _919239 |
||
| 942 | _cBK | ||
| 999 |
_c11230 _d11230 |
||